Orchids of Peat Swamp Forests in Peninsular Malaysia /

Bibliographic Details
Main Author: Go, Rusea (Author)
Other Authors: Khali Aziz Hamzah
Format: Book
Published: Kepong, Selangor: Peat Swamp Forest Project, 2008.
Subjects:
LEADER 00927cam a2200277 7i4500
001 0000036556
005 20210219090000.0
007 ##ta
008 210219s2008 my eng
020 # # |a 9789833985043  
040 # # |a MATR 
090 0 0 |a B 584.4095951   |b GO (LRM) 
100 1 # |a Go, Rusea   |e Author  
245 1 0 |a Orchids of Peat Swamp Forests in Peninsular Malaysia /   |c Rusea Go, Khali Aziz Hamzah. 
264 # 4 |a ♭. 
264 # 1 |a Kepong, Selangor:   |b Peat Swamp Forest Project,   |c 2008. 
300 # # |a 136 pages:   |b illustrations;   |c 26 cm. 
336 # # |a text  |2 rdacontent 
337 # # |a unmediated  |2 rdamedia 
338 # # |a volume  |2 rdacarrier 
504 # # |a Includes bibliographical references and index 
650 2 0 |a Floriculture --   |z Malaysia  
650 1 0 |a Orchids --   |x Identification --   |z Malaysia  
650 2 0 |a Orchid culture --   |z Malaysia  
700 1 # |a Khali Aziz Hamzah  
999 |a 0000038356  |b Book  |c Book  |e Business Information Centre